Financial Express

Detalles Bibliográficos
Formato: Desconocido
Lenguaje:inglés
Publicado: [India] : Athena Information Solutions Pvt. Ltd.
Materias:
Acceso en línea:Acceso restringido

MARC

LEADER 00000ny a22000003n 4500
005 20110516132059.0
008 101004s19uu ii un p 0 0 |eng d
035 |a 5195 
040 |a BUS  |d vLex 
090 |c 1962  |d 1962 
130 0 |a Financial Express (New Delhi) 
245 3 0 |a Financial Express  |h [Recurso electrn̤ico] 
256 |a Servicio en ln̕ea 
260 |a [India] :  |b Athena Information Solutions Pvt. Ltd. 
506 1 |a Contenido solo disponible en los productos indicados  |d vLex Global  |d vLex Global (Academic Edition, excluding Law Schools)  |d vLex Global (U.S. Academic Edition, excluding Law Schools) 
650 0 4 |a Finanzas 
740 0 |a vLex Revista (Servicios en ln̕ea) 
843 |a Electrn̤ica. Abierta 
853 |8 1  |i (year)  |j (month)  |k (day) 
856 4 0 |z Acceso restringido  |u http://vlex.com/account/login_ip?fuente_id=5195 
942 |c REV 
999 4 |a Revistas electrn̤icas.